Special sorrows : the diasporic imagination of Irish, Polish, and Jewish immigrants in the United States = Penas especiales: la imaginación de la diáspora de inmigrantes irlandeses, polacos y judíos en los Estados Unidos /
Uloženo v:
| Hlavní autor: | |
|---|---|
| Médium: | Neznámo |
| Jazyk: | English |
| Vydáno: |
Berkeley :
University of California Press,
2002.
|
| Témata: | |
| Tagy: |
Přidat tag
Žádné tagy, Buďte první, kdo vytvoří štítek k tomuto záznamu!
|
MARC
| LEADER | 000000000a22000000004500 | ||
|---|---|---|---|
| 001 | 014291 | ||
| 020 | |a 0520233425 | ||
| 041 | 0 | |a eng | |
| 082 | 0 | 4 | |a 304.873 |b J17s |
| 100 | 1 | |a Jacobson, Matthew Frye, |d 1958- | |
| 245 | 1 | 0 | |a Special sorrows : |b the diasporic imagination of Irish, Polish, and Jewish immigrants in the United States = Penas especiales: la imaginación de la diáspora de inmigrantes irlandeses, polacos y judíos en los Estados Unidos / |c Matthew Frye Jacobson. |
| 246 | 3 | 1 | |a Penas especiales: la imaginación de la diáspora de inmigrantes irlandeses, polacos y judíos en los Estados Unidos |
| 260 | 1 | |a Berkeley : |b University of California Press, |c 2002. | |
| 300 | |a 327 páginas | ||
| 650 | 4 | |a MIGRACIONES | |
| 650 | 4 | |a ESTADOS UNIDOS | |
| 650 | 4 | |a ESTADOS UNIDOS | |
| 500 | |a Colección George Yúdice | ||
| 999 | |c 20185 |d 20185 | ||
| 942 | |c BK |h 304.873 J17s |2 z | ||



